000 00797cam a22002653a 4500
001 16918
003 PGUSA
005 20140828083348.0
008 051023s2005||||xxu|||||s|||||000 1 eng d
040 _aPGUSA
_beng
042 _adc
050 4 _aPZ
100 1 _aWarner, Susan,
_d1819-1885
245 1 0 _aHills of the Shatemuc
_h[electronic resource] /
_cSusan Warner
260 _bProject Gutenberg,
_c2005
506 _aPublic domain in the USA.
516 _aElectronic text
653 _aChildren -- Death -- Juvenile fiction
653 _aBrothers and sisters -- Juvenile fiction
653 _aFarm life -- Juvenile fiction
653 _aConduct of life -- Juvenile fiction
830 0 _aProject Gutenberg
_v16918
856 4 0 _uhttp://www.gutenberg.org/ebooks/16918
942 _cEB
999 _c246173
_d246173